PENTADBIRAN awam di Malaysia : di sebalik imaginasi kartunis

Bibliographic Details
Format: Book
Published: Kuala Lumpur : Kerajaan Malaysia , [1993]
Subjects:

MARC

LEADER 00000cam a2200000 7i4500
001 0000001842
005 20020218.0
090 0 0 |a 354.595006   |b PEN (1993) 
245 0 0 |a PENTADBIRAN awam di Malaysia :   |b di sebalik imaginasi kartunis 
260 0 0 |a Kuala Lumpur :   |b Kerajaan Malaysia ,   |c [1993] 
300 |a 75 p. :   |b ill. ;   |c 19 x 26 cm. 
650 0 0 |a Caricatures and cartoons   |z Malaysia 
650 0 0 |a Civil service   |z Malaysia 
650 0 0 |a Government executives   |z Malaysia 
650 0 0 |a Public administration   |z Malaysia 
998 |a JPSM 
999 |a 0000000497   |b Monograph   |c Open Shelf   |e Default branch 
999 |a 0000002405   |b Monograph   |c Open Shelf   |e Default branch